महात्मा गाँधी : (Record no. 118684)

MARC details
000 -LEADER
fixed length control field 01320nam a22002657a 4500
005 - DATE AND TIME OF LATEST TRANSACTION
control field 20170124103119.0
010 ## - LIBRARY OF CONGRESS CONTROL NUMBER
LC control number A-925007
020 ## - INTERNATIONAL STANDARD BOOK NUMBER
Terms of availability 150.00
035 ## - SYSTEM CONTROL NUMBER
System control number A-925007
037 ## - SOURCE OF ACQUISITION
Source of stock number/acquisition Cen Lib/Ret
040 ## - CATALOGING SOURCE
Original cataloging agency DPL
Language of cataloging HN
082 ## - DEWEY DECIMAL CLASSIFICATION NUMBER
Classification number 301.153
Item number झादेव
100 ## - MAIN ENTRY--PERSONAL NAME
Personal name झा, देवचन्द्र
9 (RLIN) 45684
245 ## - TITLE STATEMENT
Title महात्मा गाँधी :
Statement of responsibility, etc देवचन्द्र झा ; सत्यकाम
Remainder of title कांग्रेस और भारत का विभाजन /
246 ## - VARYING FORM OF TITLE
Title proper/short title Mahatma Gandhi : congress aur bharat ka bhivajan /
Remainder of title by JDevchndra Jha ; anuvadak Satyakaam
260 ## - PUBLICATION, DISTRIBUTION, ETC. (IMPRINT)
Place of publication, distribution, etc दिल्ली
Name of publisher, distributor, etc अभिरुचि प्रकाशन
Date of publication, distribution, etc 1998
270 ## - ADDRESS
City दिल्ली
Address 3/114, कर्ण गली, विश्वास नगर, शाहदरा
Postal code 110032
300 ## - PHYSICAL DESCRIPTION
Extent 158पृ.
Dimensions 20सेमी(सजिल्द )
500 ## - GENERAL NOTE
General note सन्दर्भ सूची शामिल
650 ## - SUBJECT ADDED ENTRY--TOPICAL TERM
Topical term or geographic name as entry element भारत--इतिहास --महात्मा गाँधी
General subdivision
Geographic subdivision
9 (RLIN) 81440
650 ## - SUBJECT ADDED ENTRY--TOPICAL TERM
Topical term or geographic name as entry element भारत--इतिहास--विभाजन
9 (RLIN) 81441
650 ## - SUBJECT ADDED ENTRY--TOPICAL TERM
Topical term or geographic name as entry element India -- History --mahatma Gandhi
9 (RLIN) 81442
650 ## - SUBJECT ADDED ENTRY--TOPICAL TERM
Topical term or geographic name as entry element India - History--Partition
9 (RLIN) 81443
942 ## - ADDED ENTRY ELEMENTS (KOHA)
Source of classification or shelving scheme Dewey Decimal Classification
Koha item type Hindi Books
Classification part 301.153
Call number suffix झादेव
Holdings
Withdrawn status Lost status Damaged status Not for loan Home library Current library Date acquired Source of acquisition Cost, normal purchase price Total Checkouts Full call number Barcode Date last seen Date checked out Copy number Cost, replacement price Price effective from Koha item type
        Central Library Central Library 12/09/2015 Cen Lib/Ref 150.00 1 301.153 झादेव A-925007 01/09/2017 12/08/2017 1 150.00 12/09/2015 Hindi Books

© Delhi Public Library
Hit Counter
free hit counter